000 00930nam a2200277Ia 4500
003 OSt
005 20220924115749.0
006 a|||||r|||| 00| 0
007 ta
008 220923b |||||||| |||| 00| 0 urd d
020 _a978812238733 (hbk)
020 _c200
024 _a260442
037 _bMPH/6094, 29/02/2012, Modern Publishing House
_cTextual
040 _aARTS
_cARTS
_burd
041 _2urd
_aurd
082 _aNW44yN08, 168Q1
100 _aMohammad Ghyasuddin Ed.
_9179498
245 0 _aMakhdoom mohiuddin
_b Hayat aur adabi khidmat
260 _aDelhi
_bEducational Publishing House India
_c2011
300 _a192p.
_ccm.
650 _aARTS
700 _a Vithalrao Jawale Kirtimalini Ed.
_9179499
942 _hNW44yN08, 168Q1
_cTEXL
_2CC
999 _c399786
_d399786